Mariposas / (Registro nro. 18983)

Detalles MARC
000 -CABECERA
Campo de control 01186nam a2200301 a 4500
005 - FECHA Y HORA DE LA ULTIMA TRANSACCION
Campo de control 20161102020002.0
008 - ELEMENTOS DE LONGITUD FIJA—INFORMACION GENERAL
Campo de control 160829t1989 sp ao|||r|||| 00| 0 spa d
020 ## - ISBN
ISBN 8425333717
040 ## - FUENTE DE CATALOGACIÓN
Agencia catalogadora original CO-BoIAVH
Agencia transcriptora CO-BoIAVH
041 1# - IDIOMA
Código de idioma para texto/pista de sonido o título separado Español
Código de idioma de la versión original y/o traducciones intermedias del texto Italiano
044 ## - PAÍS DE PUBLICACIÓN
País de publicación España
082 04 - NUMERO DE CLASIFICACION DECIMAL DEWEY
Número de clasificación 595.789
Número del ítem D11m
100 1# - ASIENTO PRINCIPAL--NOMBRE PERSONAL
Nombre personal Daccordi, Mauro
Término relacionado autor
9 (RLIN) 75547
245 10 - MENCION DE TITULO
Título Mariposas /
Mención de responsabilidad M. Daccordi, P. Triberti y A. Zabetti ; traducido por: Mercé Serrano y Ferran Vallespinós
250 ## - MENCION DE EDICION
Mención de edición Segunda edición
260 ## - PUBLICACION, DISTRIBUCION, ETC. (PIE DE IMPRENTA)
Lugar de publicación, distribución, etc. Barcelona, España :
Nombre del editor, distribuidor, etc. Grijalbo Mondadori,
Fecha de publicación, distribución, etc. 1989.
300 ## - DESCRIPCION FISICA
Extensión 384 páginas :
Otros detalles físicos illustraciones a color y fotografías a color ;
Dimensiones 20 x 12 cm.
500 ## - NOTA GENERAL
Nota general Encabezado del título: guías de la naturaleza.
500 ## - NOTA GENERAL
Nota general Incluye glosario.
504 ## - NOTA DE BIBLIOGRAFIA, ETC.
Nota de bibliografía Incluye referencias bibliográficas, iconográficas e índices analíticos.
650 24 - ASIENTO SECUNDARIO DE MATERIA - TERMINO TEMATICO
Término temático o nombre geográfico como elemento de entrada Mariposas
Subdivisión general Especies
Subdivisión de forma Guías
9 (RLIN) 75554
650 26 - ASIENTO SECUNDARIO DE MATERIA - TERMINO TEMATICO
Término temático o nombre geográfico como elemento de entrada Lepidoptera
Subdivisión general Taxonomía
Subdivisión de forma Guías
9 (RLIN) 75555
650 26 - ASIENTO SECUNDARIO DE MATERIA - TERMINO TEMATICO
Término temático o nombre geográfico como elemento de entrada Lepidoptera
Subdivisión general Descripción
Subdivisión de forma Guías
9 (RLIN) 75556
650 26 - ASIENTO SECUNDARIO DE MATERIA - TERMINO TEMATICO
Término temático o nombre geográfico como elemento de entrada Lepidoptera
Subdivisión general Distribución geográfica
Subdivisión de forma Guías
9 (RLIN) 75557
700 1# - ASIENTO SECUNDARIO - NOMBRE PERSONAL
Nombre personal Triberti, Paolo
Término de relación autor
9 (RLIN) 75548
700 1# - ASIENTO SECUNDARIO - NOMBRE PERSONAL
Nombre personal Zanetti, Adriano
Término de relación autor
9 (RLIN) 75549
942 ## - ELEMENTOS ADICIONALES (KOHA)
Sistema de clasificación Dewey Decimal Classification
Tipo de ítem Libro
Koha issues (borrowed), all copies 1
Existencias
Withdrawn status Lost status Sistema de Clasificación Damaged status No para préstamo Colección Inventariado Ubicación Permanente Ubicación actual Fecha de adquisición Fuente de Valor Valor Total Checkouts Número topográfico Inventario / Código de Barras Date last seen Date checked out Ejemplar Price effective from Forma de adquisición Tipo de material
    Dewey Decimal Classification     General Inventariado 2017 Bogotá Bogotá 29/08/2016 Instituto 50000.00 1 LB-595.789 D11m 040630 01/11/2016 01/11/2016 Ej. 1 29/08/2016 Donación Libro